000
00425nam a2200169Ia 4500
008
090711s9999 xx 000 0 und d
082
_b
60013
100
_a
ढोले तारा
245
_a
किनारा
260
_c
1964
300
_a
124
600
_a
ढोले तारा
630
_a
किनारा
700
_a
ढोले तारा
730
_a
किनारा
942
_c
BOOK
999
_c
307310
_d
307310